000 00273nam a2200121Ia 4500
005 20251222143303.0
008 251222s9999||||xx |||||||||||||| ||spa||
082 _a531.6/V41
100 _aVelkin, I.
245 0 _aLa EnergĂ­a y la Vida:
264 _bCartago
942 _cLIB
999 _c15413
_d15413